Les surnoms des footballeurs - Statistiques

Statistiques générales
  • Ce quiz a été pris 1 520 fois
  • Le résultat moyen est 10 sur 18
Statistiques - réponses
Surnom Footballeur % Correct
CR7 Cristiano Ronaldo
99%
Zizou Zinédine Zidane
89%
La Pulga Lionel Messi
84%
El Fenomeno Ronaldo
75%
Titi Thierry Henry
65%
El Matador Edinson Cavani
64%
Le Hollandais volant Johan Cruyff
61%
Le "Roi" Pelé
61%
Chicharito Javier Hernandez
52%
Le Divin chauve Fabien Barthez
48%
El Pibe de Oro (Le gamin en or) Diego Maradona
45%
El Nino Fernando Torres
45%
Der Kaiser Franz Beckenbauer
44%
The King Eric Cantona
40%
Spice Boy David Beckham
31%
L'Apache Carlos Tevez
27%
Le président Laurent Blanc
27%
Petit vélo Mathieu Valbuena
27%
Aucun quiz correspondant
Distribution des résultats
% des personnes avec chaque résultat
Percentile par nombre de réponses
Votre historique - résultats
Vous n’avez pas pris ce quiz